Normal view
MARC view
Entry Personal Name
001 - CONTROL NUMBER
- control field: 82602
003 - CONTROL NUMBER IDENTIFIER
- control field: OSt
005 - DATE AND TIME OF LATEST TRANSACTION
- control field: 20241019164802.0
008 - FIXED-LENGTH DATA ELEMENTS
- fixed length control field: 241019|| aca||aabn | a|a d
040 ## - CATALOGING SOURCE
- Original cataloging agency: OSt
- Transcribing agency: OSt
100 ## - HEADING--PERSONAL NAME
- Personal name: Raj, Dr. Manish
670 ## - SOURCE DATA FOUND
- Source citation: Work cat.: (OSt)67239: Raj, Dr. Manish, OBJECTIVE NCERT PUNCH BOOK FOR NTA NEET 2025 4500 NTA like MCQs extracted from NCERT line by line NEET 2024 SOLVED PAPER INCLUDED PHYSICS, 2024









